| 000 | 01200nam0a22002531 4500 | ||
|---|---|---|---|
| 001 | rc\572486 | ||
| 005 | 20031121162619.9 | ||
| 035 | _a(NLR Aleph) 005820926 | ||
| 090 |
_a5478721 _c5478721 |
||
| 100 | _a20031121d1987 u |0rusy50 ca | ||
| 101 | 0 | _arus | |
| 102 | _aRU | ||
| 105 | _ay ||||||||| | ||
| 200 | 1 |
_aРАССЛЕДОВАНИЕ несчастных случаев на производстве _eМетод. указания по орг. проведения деловых игр _e(Для преподавателей и слушателей ФПКП) _fМ-во высш. и сред. спец. образования СССР, Моск. лесотехн. ин-т. [Каф. охраны труда и окрудающей среды] _g[Сост. проф. А.С. Щербаков и др.] |
|
| 210 |
_aМ. _cБ. и. _d1987 |
||
| 215 |
_a36 с. _d20 |
||
| 320 | _aБиблиогр.: с. 35 | ||
| 702 | 1 |
_aЩербаков _bА. С. _gАнатолий Сергеевич _4220 |
|
| 712 | 0 | 2 |
_aМосковский лесотехнический ин-т _3RU\NLR\AUTH\8810035031 |
| 801 | 0 |
_aRU _bNLR _gpsbo |
|
| 801 | 1 |
_aRU _bELAR _2rusmarc |
|
| 852 |
_aNLR _j88-4/9869 |
||
| 942 | _cBOOK | ||
| 980 | _aNB | ||